01117cam a22002651 450000100060000000300080000600500170001400800390003103500190007004000270008904100080011608200180012411000540014224501050019626000950030130000270039649000670042350001530049050400310064365000230067483000070069770000270070471000540073183000660078535538BD-RjUL20211209052335.0140526r19691966pau b 100 0 eng a(BD-RjUL)35632 aDLCcDLCdBD-RjULbeng aeng00a320bAMD 1969 2aAmerican Academy of Political and Social Science.02aA design for political science :bscope, objectives, and methods /cEdited by James C. Charlesworth. aPhiladelphia :bAmerican Academy of Political and Social Science,cc1966 [Reprinted 1969]. aviii, 254 p. ;c24 cm.1 aAmerican Academy of Political and Social Science. Monographv6 aPapers presented at a conference held in Philadelphia on Dec. 28 and 29, 1965 and sponsored by the American Academy of Political and Social Science. aBibliographical footnotes. 0aPolitical science. 0v6.1 aCharlesworth, James C.2 aAmerican Academy of Political and Social Science. 0aMonograph (American Academy of Political and Social Science),